000 00449pab a2200157 454500
008 180718b2012 xxu||||| |||| 00| 0 eng d
100 _aYilmaz, Ferruh
245 _aRight - wing hegemony and immigration: How the populist far - right achieved hegemony through the immigration debate in Europe
260 _c2012
300 _a368-381.
362 _aMay
650 _aImmigration
773 _aCurrent Sociology
908 _aN
909 _a96199
999 _c96199
_d96199